000 01273nam a2200373 a 4500
001 12748
003 BD-JhCC
005 20230510115207.0
008 230510s2015 enk 001 f eng d
020 _a9781474602280
_q(pbk.)
020 _a1474602282
035 _a(BD-JhCC)12748
040 _aSAKAP
_beng
_erda
_cSAKAP
_dOCLCO
_dOCLCF
_dOCLCQ
_dUkOxU
_dBD-JhCC
041 1 _aeng
_hnor
082 0 4 _a839.8
_223
_bGAA 2015
100 1 _aGaarder, Jostein,
_d1952-
_eauthor.
240 1 0 _aSofies verden.
_lEnglish
245 1 0 _aSophie's world /
_cJostein Gaarder ; translated by Paulette Møller.
250 _a20th anniversary edition.
264 1 _aLondon :
_bWeidenfeld & Nicolson,
_c2015.
300 _axvi, 427 pages :
_c20 cm
336 _atext
_btxt
_2rdacontent
337 _aunmediated
_bn
_2rdamedia
338 _avolume
_bnc
_2rdacarrier
500 _aTranslated from the Norwegian.
500 _aPrevious edition of this translation: London: Phoenix House, 1995.
500 _aIncludes index.
650 0 _aPhilosophy
_xHistory
_vFiction.
650 7 _aPhilosophy.
_2fast
_0(OCoLC)fst01060777
655 7 _aFiction.
_2fast
_0(OCoLC)fst01423787
655 7 _aHistory.
_2fast
_0(OCoLC)fst01411628
700 1 _aMøller, Paulette,
_etranslator.
942 _2ddc
_cBK
999 _c12748
_d12748